=LDR 00000nam 2200000 4500 =001 INLIS000000000029851 =005 20130612132041 =008 ***********************************ind** =035 ##$$0010-061300000029851 =041 ##$$a ind =082 ##$$a 617.46 =090 ##$$a 617.46, SUM s =100 ##$$a Sumarni, D.W =245 ##$$a Sunat perempuan di bawah bayang-bayang tradisi, Sumarni D.W, Siti Aisyah, Madarina Julia =260 ##$$a 2005 $b Yogyakarta =300 ##$$a xviii, 95 hlm., ilus., 21 cm =650 ##$$a Sunat Perempuan =700 ##$$a Julia, Madarina =850 ##$$a NBPNMAT